High tech America : The what, how, where and why of the sunrise industries

Guardat en:
Dades bibliogràfiques
Autor principal: Markusen, Ann
Format: Llibre
Idioma:Undetermined
Publicat: London Allen 1986
Matèries:
Etiquetes: Afegir etiqueta
Sense etiquetes, Sigues el primer a etiquetar aquest registre!
Thư viện lưu trữ: Trung tâm Học liệu Trường Đại học Cần Thơ
LEADER 00582nam a2200205Ia 4500
001 CTU_86275
008 210402s9999 xx 000 0 und d
082 |a 338.4 
082 |b M345 
100 |a Markusen, Ann 
245 0 |a High tech America : 
245 4 |b The what, how, where and why of the sunrise industries 
245 0 |c Ann Markusen, Peter Hall, Amy Glassmeier 
260 |a London 
260 |b Allen 
260 |c 1986 
650 |a High technology industries 
650 |z United states 
904 |i Năm 
980 |a Trung tâm Học liệu Trường Đại học Cần Thơ